• 首页
  • 本馆介绍
  • 公告通知
  • 最新文献
  • 馆藏检索
  • 电子资源
  • 读者导购
  • 参考咨询
  • 我的图书馆
  • 登录
  • 详细信息显示
  • 放入我的书架
  • 预约/预借图书
  • 作者相关作品
  • 分类相关作品
  • 丛书相关作品
  • 出版社相关作品

书目信息

  • 表格格式
  • 工作单格式
  • 卡片格式
题名:
素描肖像
    
 
作者: 杨建飞 主编
分册:  
出版信息: 北京   中国书店  2014.02
页数: 252页
开本: 29cm
丛书名: 经典全集系列丛书
单 册:
中图分类: J214 , J234
科图分类:
主题词: 肖像画--素描技法 , 肖像画--素描--作品集--世界 , 肖像画 , 素描技法 , 素描
电子资源:
ISBN: 978-7-5149-0089-7
000 01026nam0 2200313 450
001 006533661
005 20140612091543.26
010    @a978-7-5149-0089-7@dCNY118.00
100    @a20140417d2014 em y0chiy0110 ea
101 0  @achi
102    @aCN@b110000
105    @ac z 000yy
106    @ar
200 1  @a素描肖像@9su miao xiao xiang@f杨建飞主编
210    @a北京@c中国书店@d2014.02
215    @a252页@c画像@d29cm
225 1  @a经典全集系列丛书@i500年大师经典
330    @a本书文字部分介绍素描的定义、素描的发展、文艺复兴时期介绍、意大利文艺复兴美术、德国文艺复兴美术、法国文艺复兴美术、形体形态、结构比例、透视关系、明暗关系、素描的意义等,并精选汇集了90位世界大师的素描肖像作品。
333    @a素描爱好者
606 0  @a肖像画@x素描技法
606 0  @a肖像画@x素描@x作品集@y世界
606 0  @a肖像画
606 0  @a素描技法
606 0  @a素描
690    @aJ214@v5
690    @aJ234@v5
701  0 @a杨建飞@9yang jian fei@c(美术)@4主编
801  0 @aCN@b人天书店@c20140417
905    @b549068-70@dJ214@e680@f3
    
    素描肖像/杨建飞主编.-北京:中国书店,2014.02
    252页:画像;29cm.-(经典全集系列丛书.500年大师经典)
    使用对象:素描爱好者
    
    ISBN 978-7-5149-0089-7:CNY118.00
    本书文字部分介绍素描的定义、素描的发展、文艺复兴时期介绍、意大利文艺复兴美术、德国文艺复兴美术、法国文艺复兴美术、形体形态、结构比例、透视关系、明暗关系、素描的意义等,并精选汇集了90位世界大师的素描肖像作品。
●
相关链接 在E读中查询图书 在五车中查询图书 在当当中查询图书 在豆瓣中查询图书


正题名:素描肖像     索取号:J214/680         预约/预借

序号 登录号 条形码 馆藏地/架位号 状态 备注
1 549068   205490681   第一样本阅览室/ [索取号:J214/680] 在馆    
2 549069   205490690   第一借阅区/ [索取号:J214/680] 在馆    
3 549070   205490707   第一借阅区/ [索取号:J214/680] 在馆    
唐山师范学院图书馆 欢迎您!
大连网信软件有限公司© 版权所有